000
00312nam a2200121Ia 4500
008
220204s9999 xx 000 0 und d
082
_a
658.56
_b
BES
100
_a
Dale H
245
0
_a
Quality control: A practical approach
260
_a
New Jersey
_b
Prentice Hall
_c
1979
650
_a
Quality control
942
_c
BK
999
_c
31971
_d
31971